01139nam a2200253 i 4500003000900000005001700009007000300026008004100029040003000070082002200100100003000122245004300152264005000195300002800245336002700273337003300300338002800333505035400361600003000715651003600745651003400781651003200815651003800847DO-SdBNP20260321073645.0ta081117s1975 dr 000 0 spa d aDO-SdBNPbspacBNPHUerda a320.98bB742d2221 a Bosch, Juan, d1909-200110aDe México a Kampuchea /cJuan Bosch. 1aSanto Domingo :bCultural Dominicana, c1975. a101 páginas ;c20 cm. 2rdacontentatextobtxt 2rdamediaasin mediaciónbn 2rdacarrieravolumenbnc0 tUn presidente que se respeta -- tLa carta de los pueblos -- tEl país que se fue adelante -- tRusell, un tribunal con respaldo popular -- tItalia ni aquí ni en ninguna parte -- tClaveles y fusiles -- t¿Adónde va España? -- tEn Venezuela andan juntos petróleo y miseria -- tUn respiro y nada más -- tEl nombre que hace historia /10a Bosch, Juan, d1909-2001 4aMéxicoxPolítica y gobierno 4aEuropaxPolítica y gobierno 4aCubaxPolítica y gobierno 0aVenezuela xPolítica y gobierno